00533 2200193 4500001002100000005001500021035002000036007000300056008004100059020002200100082001000122084001600132100001400148245005700162260004000219300004600259650002100305700001300326INLIS00000000000046020221107084648 a0010-1122000054ta221107 a 1 ind  a978-602-252-874-6 a028.5 a028.5 ARL p0 aArleen A.1 aPabrik Pak Haulg :bMr. Haulg's Factory /cArleen A. aJakarta :bErlangga For Kids,c2017 a32 halaman :bilustrasi berwarna ;c20 cm 4aBacaan Anak-anak0 aAlifa DJ